书目信息 |
| 题名: |
空气动力学
|
|
| 作者: | 钱翼稷 编著 | |
| 分册: | ||
| 出版信息: | 北京 北京航空航天大学出版社 2004.09 |
|
| 页数: | 430页 | |
| 开本: | 23cm | |
| 丛书名: | ||
| 单 册: | ||
| 中图分类: | V211 | |
| 科图分类: | ||
| 主题词: | 空气动力学--kong qi dong li xue--高等教育--教材 | |
| 电子资源: | ||
| ISBN: | 978-7-81077-509-0 | |
| 000 | 00899nam0 2200265 450 | |
| 001 | 012008312632 | |
| 005 | 20080901194936.89 | |
| 010 | @a978-7-81077-509-0@dCNY43.00 | |
| 100 | @a20080901d2004 em y0chiy0120 ea | |
| 101 | 0 | @achi |
| 102 | @aCN@b110000 | |
| 105 | @aak a 000yy | |
| 106 | @ar | |
| 200 | 1 | @a空气动力学@Akong qi dong li xue@f钱翼稷编著@Fqian yi ji bian zhu |
| 210 | @a北京@c北京航空航天大学出版社@d2004.09 | |
| 215 | @a430页@c图@d23cm | |
| 300 | @a北京市高等教育精品教材 | |
| 307 | @a2008年2月第4次印刷 | |
| 320 | @a有书目 (第430页) | |
| 330 | @a本书分两大部分,第一部分讲述流体力学与空气动力学的基础理论以及低速空气动力学;第二部分讲述气体动力学的基础理论以及高速空气动力学。 | |
| 606 | 0 | @a空气动力学@Akong qi dong li xue@x高等教育@j教材 |
| 690 | @aV211@v4 | |
| 701 | 0 | @a钱翼稷@Aqian yi ji@4编著 |
| 801 | 0 | @aCN@bQSSK@c20080901 |
| 905 | @b734615-16@dV211@eQ262@f2 | |
| 空气动力学/钱翼稷编著.-北京:北京航空航天大学出版社,2004.09 |
| 430页:图;23cm |
| 北京市高等教育精品教材 |
| ISBN 978-7-81077-509-0:CNY43.00 |
| 本书分两大部分,第一部分讲述流体力学与空气动力学的基础理论以及低速空气动力学;第二部分讲述气体动力学的基础理论以及高速空气动力学。 |
| ● |
| 相关链接 |
|
|
|
正题名:空气动力学
索取号:V211/Q262
 
预约/预借
| 序号 | 登录号 | 条形码 | 馆藏地/架位号 | 状态 | 备注 |
| 1 | 734615 | 207346157 | 自科库501/501自科库 59排5列5层/ [索取号:V211/Q262] | 在馆 | |
| 2 | 734616 | 207346166 | 自科库501/501自科库 59排5列5层/ [索取号:V211/Q262] | 在馆 |